000 00495nam a22001817a 4500
003 CEME
005 20210628202803.0
008 210120b xxu||||| |||| 00| 0 eng d
040 _cceme
082 _a342.5403 DIC
100 _aDicey, A.V
_961619
245 _aIntroduction to the study of the law of the constitution
250 _a10TH
260 _aRAWALPINDI
_bNATIONAL BOOK FOUNDATION
_c2007
300 _aCXCVIII, 535 P
650 _aLAW OF THE CONSTITUTION
_961620
942 _cBK
_2ddc
999 _c571015
_d571015